| 000 | 00648cam a22002174a 4500 | ||
|---|---|---|---|
| 005 | 20250605164220.0 | ||
| 008 | 250528s ||||||||||||||||||||||||d | ||
| 035 | _a20647 | ||
| 020 | _a71159657 | ||
| 040 |
_aGR-AtMCL _bgre _dGR-AtMCL _eAACR2 |
||
| 245 | 1 | _aFinancial Statement Analysis / Theory, Application, and Interpretation: Sixth Edition | |
| 250 | _a6th | ||
| 260 |
_bIrwin Mcgraw-Hill, _c1997 |
||
| 300 | _a836 | ||
| 520 | _aThis book gives the reader a competitive advantage in today's demanding market. | ||
| 700 | 1 |
_aBernstein Leopold A. _9900 |
|
| 700 | 1 |
_aWild John J _9901 |
|
| 942 | _cBK | ||
| 999 |
_c5736 _d5736 |
||